Lyrical musings on indic culture : (Record no. 39496)
[ view plain ]
| 000 -LEADER | |
|---|---|
| fixed length control field | 02316nam a22003737a 4500 |
| 005 - DATE AND TIME OF LATEST TRANSACTION | |
| control field | 20100805144947.0 |
| 010 ## - LCCN (DPL NO) | |
| LC control number | ENG-98437 |
| 020 ## - INTERNATIONAL STANDARD BOOK NUMBER | |
| Terms of availability | 499.00 |
| International Standard Book Number | 9380009313 |
| 020 ## - INTERNATIONAL STANDARD BOOK NUMBER | |
| Terms of availability | 499.00 |
| International Standard Book Number | 9789380009315 |
| 035 ## - SYSTEM CONTROL NUMBER | |
| System control number | EN-81970 |
| 035 ## - SYSTEM CONTROL NUMBER | |
| System control number | B-430137-147 |
| 037 ## - SOURCE OF ACQUISITION | |
| Source of stock number/acquisition | DBAD/PUB |
| 037 ## - SOURCE OF ACQUISITION | |
| Source of stock number/acquisition | RBC-22541/2010-11/25.3.11/76/4.3.11/30.3.11 |
| 082 ## - DEWEY DECIMAL CLASSIFICATION NUMBER | |
| Classification number | 894.81412 |
| 100 ## - MAIN ENTRY--PERSONAL NAME | |
| Personal name | Narayan, M.K.V. |
| 245 ## - TITLE STATEMENT | |
| Title | Lyrical musings on indic culture : |
| Statement of responsibility, etc | by M.K.V.Narayan |
| Remainder of title | a sociological study of songs of Sant Purandara Dasa / |
| 260 ## - PUBLICATION, DISTRIBUTION, ETC. (IMPRINT) | |
| Place of publication, distribution, etc | New Delhi |
| Name of publisher, distributor, etc | Vikas Publishing House |
| Date of publication, distribution, etc | 2010 |
| 270 ## - ADDRESS | |
| Address | 576,Masjid Road,Jangpura |
| City | New Delhi |
| Postal code | 110014 |
| 300 ## - PHYSICAL DESCRIPTION | |
| Extent | xii,156p. |
| Dimensions | 23cm (Hb) |
| 500 ## - GENERAL NOTE | |
| General note | Includes bibliographical references and index |
| 650 ## - SUBJECT ADDED ENTRY--TOPICAL TERM | |
| Topical term or geographic name as entry element | Purandaradasa,1484-1564 |
| General subdivision | Criticism textual |
| 650 ## - SUBJECT ADDED ENTRY--TOPICAL TERM | |
| Topical term or geographic name as entry element | CArnatic music |
| General subdivision | History and criticism |
| 650 ## - SUBJECT ADDED ENTRY--TOPICAL TERM | |
| Topical term or geographic name as entry element | India |
| General subdivision | in literature |
| 650 ## - SUBJECT ADDED ENTRY--TOPICAL TERM | |
| Topical term or geographic name as entry element | Culture in literature |
| 942 ## - ADDED ENTRY ELEMENTS (KOHA) | |
| Source of classification or shelving scheme | Dewey Decimal Classification |
| Item type | English Books |
| Classification part | 894.81412 |
| Call number suffix | NAR |
| Withdrawn status | Lost status | Not for loan | Collection code | Home library | Current library | Date acquired | Source of acquisition | Cost, normal purchase price | Full call number | Barcode | Copy number | Cost, replacement price | Koha item type |
|---|---|---|---|---|---|---|---|---|---|---|---|---|---|
| Non-fiction | Central Library | Central Library | 18/08/2011 | RBC-22541/2010-11/25.3.11/76/4.3.11/30.3.11 | 499.00 | 894.81412 NAR | B-430137 | 1 | 499.00 | English Books | |||
| Non-fiction | Central Library | Central Library | 18/08/2011 | RBC-22541/2010-11/25.3.11/76/4.3.11/30.3.11 | 499.00 | 894.81412 NAR | B-430142 | 1 | 499.00 | English Books | |||
| Not For Loan | Non-fiction | D.B.Act.Division | D.B.Act.Division | 05/08/2010 | DBAD/PUB | 499.00 | 894.81412 NAR | EN-81970 | 1 | 499.00 | English Books | ||
| Non-fiction | Karol Bagh | Karol Bagh | 18/08/2011 | RBC-22541/2010-11/25.3.11/76/4.3.11/30.3.11 | 499.00 | 894.81412 NAR | B-430140 | 1 | 499.00 | English Books | |||
| Written-off vide DLB M. No. 383 dt 16.05.19 | Non-fiction | Patel Nagar | Patel Nagar | 18/08/2011 | RBC-22541/2010-11/25.3.11/76/4.3.11/30.3.11 | 499.00 | 894.81412 NAR | B-430138 | 1 | 499.00 | English Books | ||
| Non-fiction | Sarojini Nagar | Sarojini Nagar | 18/08/2011 | RBC-22541/2010-11/25.3.11/76/4.3.11/30.3.11 | 499.00 | 894.81412 NAR | B-430139 | 1 | 499.00 | English Books | |||
| Non-fiction | Shahdara Branch | Shahdara Branch | 18/08/2011 | RBC-22541/2010-11/25.3.11/76/4.3.11/30.3.11 | 499.00 | 894.81412 NAR | B-430141 | 1 | 499.00 | English Books |
